[Event "IECG CP.2000.P.00025"]
[Site "IECG email"]
[Date "2000.10.01"]
[Round "?"]
[White "Del Rio, Franck"]
[Black "Skepper, Carl"]
[Result "0-1"]
[WhiteElo "800"]
[BlackElo "1170"]
[PlyCount "62"]
[EventDate "2000.10.01"]
[EventType "tourn (corr)"]
[EventRounds "6"]
[EventCountry "AUS"]
[SourceTitle "Corr 2008"]
[Source "ChessBase"]
[SourceDate "2008.06.24"]
[SourceVersion "1"]
[SourceVersionDate "2008.06.24"]
[SourceQuality "1"]

1. e3 d5 2. d4 Bf5 3. Nh3 Nf6 4. Nf4 e6 5. Nc3 Bb4 6. Bd3 Ne4 7. Bd2 Bxc3 8. Bxc3 Qg5 9. g3 Nd7 10. Qh5 h6 11. h4 Qg4 12. Qxg4 Bxg4 13. Bxe4 dxe4 14. d5 Bf3 15. Rg1 e5 16. Ne2 0-0-0 17. 0-0-0 Bxe2 18. Rd2 Bf3 19. d6 f6 20. dxc7 Kxc7 21. a4 Nc5 22. b3 b6 23. a5 b5 24. Bb4 Kc6 25. Bxc5 Kxc5 26. Rxd8 Rxd8 27. Kb2 b4 28. c3 Rd2+ 29. Kb1 bxc3 30. Rc1 Kb4 31. Rc2 Kxb3 0-1

[Event "IECG CP.2000.P.00025"]
[Site "IECG email"]
[Date "2000.10.01"]
[Round "?"]
[White "Fantoni, Franco"]
[Black "Del Rio, Franck"]
[Result "1-0"]
[WhiteElo "1312"]
[BlackElo "800"]
[PlyCount "43"]
[EventDate "2000.10.01"]
[EventType "tourn (corr)"]
[EventRounds "6"]
[EventCountry "AUS"]
[SourceTitle "Corr 2008"]
[Source "ChessBase"]
[SourceDate "2008.06.24"]
[SourceVersion "1"]
[SourceVersionDate "2008.06.24"]
[SourceQuality "1"]

1. e4 e6 2. d4 d5 3. e5 c5 4. Nf3 cxd4 5. Nxd4 g6 6. f4 Bg7 7. Be3 Nh6 8. Bd3 0-0 9. Nc3 Nf5 10. Nxf5 exf5 11. Bc5 Re8 12. 0-0 Na6 13. Bxa6 bxa6 14. Nxd5 Qa5 15. Bd6 Re6 16. Nc7 Qb6+ 17. Kh1 Bb7 18. Nxa8 Bxa8 19. Qd2 Qb7 20. Rad1 Qxb2 21. Rb1 Qxa2 22. Rb8+ 1-0

[Event "IECG CN.2000.0.00188"]
[Site "IECG email"]
[Date "2000.04.09"]
[Round "?"]
[White "Che Hassan, Muhamad Aizuddin"]
[Black "Del Rio, Franck"]
[Result "1-0"]
[WhiteElo "928"]
[BlackElo "800"]
[PlyCount "73"]
[EventDate "2000.04.09"]
[EventType "tourn (corr)"]
[EventRounds "6"]
[SourceTitle "Corr 2008"]
[Source "ChessBase"]
[SourceDate "2008.06.24"]
[SourceVersion "1"]
[SourceVersionDate "2008.06.24"]
[SourceQuality "1"]

1. c4 Nc6 2. Nc3 Nf6 3. g3 d6 4. Bg2 e5 5. d3 b6 6. Bxc6+ Bd7 7. Bxa8 Qxa8 8. Nf3 e4 9. Nxe4 Nxe4 10. dxe4 Qxe4 11. Qd5 Bc6 12. Qxe4+ Bxe4 13. Bd2 g6 14. Bc3 Rg8 15. 0-0 Bg7 16. Bxg7 Rxg7 17. Rad1 f5 18. Nd2 Re7 19. Nxe4 Rxe4 20. b3 Rxe2 21. Rfe1 Rxe1+ 22. Rxe1+ Kd8 23. f4 h5 24. Kf2 Kd7 25. Ke3 Kc6 26. Kd4 b5 27. cxb5+ Kxb5 28. Kc3 c5 29. Re6 d5 30. Rxg6 d4+ 31. Kd3 a5 32. a4+ Kb4 33. Rb6+ Ka3 34. Rb5 Kb2 35. Rxa5 Kxb3 36. Rxc5 Kxa4 37. Kxd4 1-0

[Event "IECG CN.2000.0.00188"]
[Site "IECG email"]
[Date "2000.04.09"]
[Round "?"]
[White "Del Rio, Franck"]
[Black "Humphries, Lance"]
[Result "0-1"]
[WhiteElo "800"]
[BlackElo "800"]
[PlyCount "40"]
[EventDate "2000.04.09"]
[EventType "tourn (corr)"]
[EventRounds "6"]
[SourceTitle "Corr 2008"]
[Source "ChessBase"]
[SourceDate "2008.06.24"]
[SourceVersion "1"]
[SourceVersionDate "2008.06.24"]
[SourceQuality "1"]

1. d3 Nf6 2. e4 d6 3. Nc3 g6 4. Nf3 Bg7 5. Nd5 Nbd7 6. c4 0-0 7. Bf4 e5 8. Bg5 h6 9. Be3 c6 10. Nxf6+ Nxf6 11. Be2 Nd7 12. 0-0 Nc5 13. b4 Ne6 14. Qc1 g5 15. c5 Nf4 16. Re1 Qd7 17. a3 Qg4 18. g3 Nxe2+ 19. Rxe2 Qxf3 20. Re1 Bh3 0-1

[Event "IECG CN.2000.0.00188"]
[Site "IECG email"]
[Date "2000.04.09"]
[Round "?"]
[White "Del Rio, Franck"]
[Black "Lopez, Antonio"]
[Result "0-1"]
[WhiteElo "800"]
[BlackElo "800"]
[PlyCount "32"]
[EventDate "2000.04.09"]
[EventType "tourn (corr)"]
[EventRounds "6"]
[SourceTitle "Corr 2008"]
[Source "ChessBase"]
[SourceDate "2008.06.24"]
[SourceVersion "1"]
[SourceVersionDate "2008.06.24"]
[SourceQuality "1"]

1. e4 c5 2. Nc3 Nc6 3. Nd5 e6 4. Ne3 Nf6 5. d3 d5 6. exd5 exd5 7. c3 Bd6 8. d4 cxd4 9. cxd4 Bb4+ 10. Bd2 Bxd2+ 11. Qxd2 Ne4 12. Qd1 Qa5+ 13. Ke2 Qb5+ 14. Ke1 Qb4+ 15. Ke2 Nxd4+ 16. Kd3 Nxf2# 0-1

[Event "IECG CN.2000.0.00188"]
[Site "IECG email"]
[Date "2000.04.09"]
[Round "?"]
[White "Lauffer, Andreas"]
[Black "Del Rio, Franck"]
[Result "0-1"]
[WhiteElo "800"]
[BlackElo "800"]
[PlyCount "104"]
[EventDate "2000.04.09"]
[EventType "tourn (corr)"]
[EventRounds "6"]
[SourceTitle "Corr 2008"]
[Source "ChessBase"]
[SourceDate "2008.06.24"]
[SourceVersion "1"]
[SourceVersionDate "2008.06.24"]
[SourceQuality "1"]

1. c4 Nc6 2. d4 d5 3. c5 g6 4. Nc3 Bg7 5. e3 e6 6. Nf3 b6 7. Qa4 Nge7 8. Ne5 Bd7 9. Bb5 Nxe5 10. dxe5 Bxe5 11. e4 d4 12. Bxd7+ Qxd7 13. Nb5 a6 14. Nxc7+ Bxc7 15. Qb3 Qc6 16. cxb6 Qxb6 17. 0-0 Qxb3 18. axb3 0-0 19. g4 d3 20. Rd1 Rfd8 21. Be3 Be5 22. Rd2 Rab8 23. Rxa6 Rxb3 24. Rb6 Rxb6 25. Bxb6 Rd7 26. b4 Bc3 27. Ra2 d2 28. Rxd2 Bxd2 29. h4 Bxb4 30. f3 Bd2 31. Kg2 Bf4 32. h5 Rd2+ 33. Bf2 Nc6 34. Kf1 Nd4 35. Kg2 Rd3 36. Bxd4 Rxd4 37. hxg6 hxg6 38. Kh3 Rd2 39. g5 Bxg5 40. f4 Bxf4 41. e5 Bxe5 42. Kh4 Bf6+ 43. Kh3 e5 44. Kg3 Rd3+ 45. Kf2 Bh4+ 46. Ke2 e4 47. Kf1 g5 48. Kg1 e3 49. Kh2 e2 50. Kg2 e1Q 51. Kh2 Qe2+ 52. Kh1 Rd1# 0-1